| 000 | 00601nam a22002057a 4500 | ||
|---|---|---|---|
| 003 | DO-SdBNP | ||
| 005 | 20180221100740.0 | ||
| 008 | 170116b 1995 xx ||| 00| 0 spa d | ||
| 020 | _a0590265482 | ||
| 040 |
_6BPMSU _8spa _aBPMSU _cdr |
||
| 100 | _aPasternac, Susana | ||
| 245 |
_aEn la ciudad / _hSusana Pasternac ; ilustraciones Denise y Fernando |
||
| 260 |
_aNew York : _bScholastic, _c1995 |
||
| 300 |
_a16 p. : _bil. ; _c23 cm. |
||
| 700 | 0 |
_aDenise _eil. |
|
| 700 | 0 |
_aFernando _eil. |
|
| 942 |
_2ddc _cBK |
||
| 945 | _aInventariado, 2018/MFF | ||
| 956 |
_aVMATEO _b10 _c20171016 _dBPMSU _f0069 |
||
| 999 |
_c12471 _d12471 |
||